Actor, Model, or Musician? - Statistics

General Stats
  • This quiz has been taken 36 times
  • The average score is 14 of 16
Answer Stats
Picture Answer % Correct
Actor
94%
Musician
94%
Actor
91%
Musician
91%
Musician
91%
Musician
91%
Actor
88%
Actor
88%
Actor
88%
Actor
88%
Model
88%
Model
88%
Model
88%
Musician
88%
Actor
84%
Model
84%
No matching quizzes found
Score Distribution
Percent of People with Each Score
Percentile by Number Answered
Your Score History
You have not taken this quiz